Statistics for The Lord's Prayer Quiz

Click here to take the quiz!

General Stats

  • This quiz has been taken 38,911 times
  • The average score is 60 of 71

Answer Stats

Words% Correct
in
95%
in
95%
father
94%
heaven.
94%
heaven,
94%
our
94%
our
94%
Our
94%
be
93%
be
93%
name.
92%
us,
91%
us
91%
us
91%
us
91%
us
91%
who
91%
who
91%
for
90%
For
90%
is
90%
is
90%
Thy
90%
thy
90%
Thy
90%
as
89%
as
89%
bread,
89%
kingdom
89%
kingdom,
89%
will
89%
and
88%
and
88%
and
88%
and
88%
and
88%
come.
88%
Earth
88%
Give
88%
art
87%
daily
87%
done
86%
forgive
86%
forgive
86%
it
86%
on
86%
we
85%
the
83%
the
83%
the
83%
hallowed
81%
those
81%
Amen.
80%
day
80%
this
80%
against
79%
trespass
78%
evil.
77%
from
76%
deliver
75%
not
74%
temptation,
73%
lead
72%
into
71%
but
68%
trespasses,
68%
ever
67%
ever.
67%
glory,
66%
power,
65%
thine
60%

Score Distribution

Percentile by Number Answered

Percent of People with Each Score

Your Score History

You have not taken this quiz